| 000 | 00894nas a2200313 i 4500 | ||
|---|---|---|---|
| 001 | 1089 | ||
| 003 | ES-MaACL | ||
| 005 | 20250802062526.0 | ||
| 007 | t| | ||
| 008 | 950801d19821993sp | | 1 ||pa d | ||
| 022 | _a0211-8181 | ||
| 080 | _a(460) | ||
| 080 | _a82 | ||
| 245 | 0 | 0 |
_aEquivalencias _b: revista internacional de poesía / _cFernando Rielo Foundation. |
| 260 |
_aMadrid : _bFernando Rielo Foundation, _c1982-1993. |
||
| 300 |
_a7 v. ; _c25 cm. |
||
| 310 | _aTres n. al año | ||
| 362 | 0 | _aNº 1 (1982)-nº 26 (1993) | |
| 546 | _aEspañol-inglés. | ||
| 650 | 7 |
_aLiteratura _2embne _9141583 |
|
| 655 | 7 |
_2tgfbne _9226866 _aRevistas |
|
| 655 | 7 |
_2tgfbne _9176539 _aPoesías |
|
| 710 | 0 | 0 |
_aFundación Fernando Rielo. _94301 |
| 852 |
_aES-MaACL _jHem-1727 |
||
| 866 | 0 | _o1982-93 | |
| 942 |
_2udc _cPERIODICA |
||
| 999 |
_c1089 _d1089 |
||